|
|
|
|
| LEADER |
00000nam2a2200000 4500 |
| 001 |
246854 |
| 005 |
20231101232239.0 |
| 035 |
|
|
|a (RuTPU)RU\TPU\book\268321
|
| 090 |
|
|
|a 246854
|
| 100 |
|
|
|a 20131211d1957 k y0rusy50 ca
|
| 101 |
0 |
|
|a rus
|
| 102 |
|
|
|a RU
|
| 105 |
|
|
|a a z 001zy
|
| 200 |
0 |
|
|a Вып. 40: Вопросы общей, неорганической и органической химии
|e [сборник статей]
|f отв. ред. А. А. Петров
|
| 210 |
|
|
|d 1957
|
| 215 |
|
|
|a 191 с.
|c черт.
|
| 320 |
|
|
|a Библиогр. в конце ст.
|
| 461 |
|
1 |
|0 (RuTPU)RU\TPU\book\345898
|t Труды Ленинградского технологического института имени Ленинградского совета (Ленсовета)
|o [сборник]
|f Ленинградский технологический институт им. Ленсовета (ЛТИ)
|v Вып. 40: Вопросы общей, неорганической и органической химии
|d 1945-
|
| 512 |
1 |
|
|a Вопросы неорганической и органической химии
|
| 606 |
1 |
|
|a Химия
|2 stltpush
|3 (RuTPU)RU\TPU\subj\17362
|9 43035
|
| 610 |
1 |
|
|a неорганическая химия
|
| 610 |
1 |
|
|a аналитическая химия
|
| 610 |
1 |
|
|a физическая химия
|
| 610 |
1 |
|
|a органическая химия
|
| 610 |
1 |
|
|a радиохимические методы
|
| 675 |
|
|
|a 54
|v 3
|
| 702 |
|
1 |
|a Петров
|b А. А.
|4 340
|
| 801 |
|
1 |
|a RU
|b 63413507
|c 20131211
|
| 801 |
|
2 |
|a RU
|b 63413507
|c 20191008
|g RCR
|
| 942 |
|
|
|c BK
|